000 00385nam a2200169Ia 4500
005 20250423094421.0
008 250422s9999 xx 000 0 und d
020 _a0-671-00359-3
050 _aPS 3554 .E9273 A54/
100 _aDeveraux, Jude
245 3 _aAn angel for Emily
260 _aNew York
260 _bPocket Books
260 _c1998
300 _a308 p
942 _cBK
999 _c27177
_d27177